LEADER 04014nam 22006975 450 001 9910863186703321 005 20240619142732.0 010 $a3-030-54326-9 024 7 $a10.1007/978-3-030-54326-6 035 $a(CKB)4100000011513430 035 $a(MiAaPQ)EBC6381225 035 $a(DE-He213)978-3-030-54326-6 035 $a(EXLCZ)994100000011513430 100 $a20201019d2020 u| 0 101 0 $aeng 135 $aurnn|008mamaa 181 $ctxt$2rdacontent 182 $cc$2rdamedia 183 $acr$2rdacarrier 200 14$aThe Settlement of the Chonos Archipelago, Western Patagonia, Chile /$fby Omar Reyes 205 $a1st ed. 2020. 210 $cSpringer International Publishing$d2020 210 1$aCham :$cSpringer International Publishing :$cImprint: Springer,$d2020. 215 $a1 online resource (XXXII, 267 p. 54 illus., 43 illus. in color.) 225 1 $aThe Latin American Studies Book Series,$x2366-343X 311 $a3-030-54325-0 320 $aIncludes bibliographical references. 327 $aPresentation -- Foreword -- Acknowledgements -- Chapter 1. Introduction -- Chapter 2. Study area -- Chapter 3. Background -- Chapter 4. Methodology -- Chapter 5. The archaeological record in the Chonos Archipelago -- Chapter 6. Evaluation and discussion of the evidence -- Chapter 7. Conclusion and projections -- References. 330 $aThis book describes an archaeological investigation of human occupation in the northern area of the Patagonian archipelago in the far south of South America. It is of global anthropological and archaeological interest, dealing as it does with an archipelago characterised by a maze of islands, fiords, channels, volcanoes and continental glaciers, in an area which is still very sparsely inhabited with only scattered settlements. It was one of the last parts of the continent to be populated by man, with the arrival of marine hunter-gatherer-fishers. The arrival of human beings in this area, and their subsistence strategies in varied environments, constitute a new example of man's ability to adapt over the course of his history. It is also of interest to document how humans overcome some biogeographical barriers to occupy territories, and how other kinds of barrier restrict movement and access to other regions, leaving certain human groups isolated. Two hunter-gatherer traditions, one marine and one pedestrian, with very different cultural development processes, coexisted in this part of Patagonia separated by less than 100 km of mountains, volcanoes and glaciers. There is no evidence of contact between them over their whole time sequence; on the contrary, the archaeological and bioanthropological evidence indicates two independent axes of movement: one used by canoe groups along the Pacific coast and the other by pedestrian groups in the interior of the continent east of the Andes. 410 0$aThe Latin American Studies Book Series,$x2366-343X 606 $aHuman geography 606 $aCultural geography 606 $aArchaeology 606 $aGeography 606 $aLatin America$xHistory 606 $aEmigration and immigration 606 $aSocial and Cultural Geography 606 $aArchaeology 606 $aRegional Geography 606 $aLatin American History 606 $aHuman Migration 615 0$aHuman geography. 615 0$aCultural geography. 615 0$aArchaeology. 615 0$aGeography. 615 0$aLatin America$xHistory. 615 0$aEmigration and immigration. 615 14$aSocial and Cultural Geography. 615 24$aArchaeology. 615 24$aRegional Geography. 615 24$aLatin American History. 615 24$aHuman Migration. 676 $a982.7 700 $aReyes$b Omar$01741114 801 0$bMiAaPQ 801 1$bMiAaPQ 801 2$bUtOrBLW 906 $aBOOK 912 $a9910863186703321 996 $aThe Settlement of the Chonos Archipelago, Western Patagonia, Chile$94167101 997 $aUNINA LEADER 08885nam 22009015 450 001 9910483760303321 005 20251226195538.0 010 $a3-540-76719-3 024 7 $a10.1007/978-3-540-76719-0 035 $a(CKB)1000000000490737 035 $a(SSID)ssj0000318588 035 $a(PQKBManifestationID)11265171 035 $a(PQKBTitleCode)TC0000318588 035 $a(PQKBWorkID)10310450 035 $a(PQKB)11737113 035 $a(DE-He213)978-3-540-76719-0 035 $a(MiAaPQ)EBC4976866 035 $a(MiAaPQ)EBC5576793 035 $a(MiAaPQ)EBC6413386 035 $a(Au-PeEL)EBL4976866 035 $a(CaONFJC)MIL135490 035 $a(OCoLC)1024284604 035 $a(Au-PeEL)EBL5576793 035 $a(OCoLC)191471173 035 $a(PPN)123728975 035 $a(EXLCZ)991000000000490737 100 $a20100301d2007 u| 0 101 0 $aeng 135 $aurnn#008mamaa 181 $ctxt 182 $cc 183 $acr 200 10$aKnowledge Science, Engineering and Management $eSecond International Conference, KSEM 2007, Melbourne, Australia, November 28-30, 2007, Proceedings /$fedited by Zili Zhang, Jörg Siekmann 205 $a1st ed. 2007. 210 1$aBerlin, Heidelberg :$cSpringer Berlin Heidelberg :$cImprint: Springer,$d2007. 215 $a1 online resource (XVI, 669 p.) 225 1 $aLecture Notes in Artificial Intelligence,$x2945-9141 ;$v4798 300 $aIncludes index. 311 08$a3-540-76718-5 327 $aInvited Talks -- Building Relationships and Negotiating Agreements in a Network of Agents -- Knowledge Technologies for the Social Semantic Desktop -- Knowledge-Based Intelligent Engineering Systems in Defence and Security -- Auditing and Mapping the Knowledge Assets of Business Processes ? An Empirical Study -- Quotient Space Based Multi-granular Analysis -- Regular Papers -- An Ontology-Based Reasoning Framework for Reaction Mechanisms Simulation -- Identifying Dependency Between Secure Messages for Protocol Analysis -- A Diagrammatic Reasoning System for -- Fuzzy Constraint Logic Programming with Answer Set Semantics -- Prime Implicates for Approximate Reasoning -- Distributed Constraint Satisfaction for Urban Traffic Signal Control -- Convergence Analysis on Approximate Reinforcement Learning -- Combinative Reasoning with RCC5 and Cardinal Direction Relations -- A Merging-Based Approach to Handling Inconsistency in Locally Prioritized Software Requirements -- A Dynamic Description Logic for Representation and Reasoning About Actions -- An Argumentative Reasoning Service for Deliberative Agents -- On Defense Strength of Blocking Defeaters in Admissible Sets -- Ontology-Based Inference for Causal Explanation -- Predicting Partners? Behaviors in Negotiation by Using Regression Analysis -- Enhancing Web-Based Adaptive Learning with Colored Timed Petri Net -- Proof Explanation for the Semantic Web Using Defeasible Logic -- Automatic Construction of a Lexical Attribute Knowledge Base -- Populating CRAB Ontology Using Context-Profile Based Approaches -- Learning Dependency Model for AMP-Activated Protein Kinase Regulation -- Towards a Wrapper-Driven Ontology-Based Framework for Knowledge Extraction -- A Google-Based Statistical Acquisition Model of Chinese Lexical Concepts -- LearningConcepts from Text Based on the Inner-Constructive Model -- Contextual Proximity Based Term-Weighting for Improved Web Information Retrieval -- Collection Profiling for Collection Fusion in Distributed Information Retrieval Systems -- Integration of Descriptors for Software Component Retrieval -- Framework for Text-Based Conversational User-Interface for Business Applications -- Ontology Mining for Semantic Interpretation of Information Needs -- Knowledge Flow-Based Document Recommendation for Knowledge Sharing -- Finding Similar RSS News Articles Using Correlation-Based Phrase Matching -- Automatic Data Record Detection in Web Pages -- Visualizing Trends in Knowledge Management -- Constructing an Ontology for a Research Program from a Knowledge Science Perspective -- An Ontology of Problem Frames for Guiding Problem Frame Specification -- A Speaker Based Unsupervised Speech Segmentation Algorithm Used in Conversational Speech -- Distributed Knowledge Management Based on Ontological Engineering and Multi-Agent System Towards Semantic Interoperation -- WTPMiner: Efficient Mining of Weighted Frequent Patterns Based on Graph Traversals -- Development of Enhanced Data Mining System to Approximate Empirical Formula for Ship Design -- Research on a Novel Word Co-occurrence Model and Its Application -- Cost-Time Sensitive Decision Tree with Missing Values -- Knowledge in Product and Performance Support -- What Drives Members to Continue Sharing Knowledge in a Virtual Professional Community? The Role of Knowledge Self-efficacy and Satisfaction -- MMFI_DSSW ? A New Method to Incrementally Mine Maximal Frequent Itemsets in Transaction Sensitive Sliding Window -- Short Papers -- Term Consistency Checking of Ontology Model Based on Description Logics -- Design and Realization of AdvertisementPromotion Based on the Content of Webpage -- Irregular Behavior Recognition Based on Two Types of Treading Tracks Under Particular Scenes -- Ontology-Based Focused Crawling of Deep Web Sources -- Pattern Recognition in Stock Data Based on a New Segmentation Algorithm -- HMM-Based Korean Named Entity Recognition for Information Extraction -- Activity Recognition Based on Hidden Markov Models -- Novel Data Management Algorithms in Peer-to-Peer Content Distribution Networks -- On-Line Monitoring and Diagnosis of Failures Using Control Charts and Fault Tree Analysis (FTA) Based on Digital Production Model -- An Improved NN-SVM Based on K Congener Nearest Neighbors Classification Algorithm -- Handling Contradictions in Default Theories -- Algorithm for Public Transit Trip with Minimal Transfer Times and Shortest Travel Time -- Typed Category Theory-Based Micro-view Emergency Knowledge Representation -- A Chinese Time Ontology -- Toward Patterns for Collaborative Knowledge Creation -- Service-Mining Based on Knowledge and Customer Databases -- A Multi-criteria Decision Support System of Water Resource Allocation Scenarios -- Gödel, Escher, Bach and Super-expertise -- Extracting Features for Verifying WordNet -- A Hybrid Approach for Learning Markov Equivalence Classes of Bayesian Network -- A WSMO-Based Semantic Web Services Discovery Framework in Heterogeneous Ontologies Environment -- Cardinal Direction Relations in 3D Space -- Knowledge Integration on Fresh Food Management -- An Approach to Knowledge Transferring in Science-Policy Process -- Trust Analysis of Web Services Based on a Trust Ontology -- Building Bilingual Ontology from WordNet and Chinese Classified Thesaurus -- An Ontology-Based Framework for Building Adaptable Knowledge Management Systems -- Knowledge Engineering Technique forCluster Development. 330 $aThis book constitutes the refereed proceedings of the Second International Conference on Knowledge Science, Engineering and Management, KSEM 2007, held in Melbourne, Australia, in November 2007. The 42 revised full papers and 28 revised short papers presented together with 5 invited talks were carefully reviewed and selected from 124 submissions. The papers provide new ideas and report state of the art research results in the broad areas of knowledge science, knowledge engineering, and knowledge management. 410 0$aLecture Notes in Artificial Intelligence,$x2945-9141 ;$v4798 606 $aArtificial intelligence 606 $aData mining 606 $aApplication software 606 $aDatabase management 606 $aPattern recognition systems 606 $aArtificial Intelligence 606 $aData Mining and Knowledge Discovery 606 $aComputer and Information Systems Applications 606 $aDatabase Management 606 $aAutomated Pattern Recognition 615 0$aArtificial intelligence. 615 0$aData mining. 615 0$aApplication software. 615 0$aDatabase management. 615 0$aPattern recognition systems. 615 14$aArtificial Intelligence. 615 24$aData Mining and Knowledge Discovery. 615 24$aComputer and Information Systems Applications. 615 24$aDatabase Management. 615 24$aAutomated Pattern Recognition. 676 $a006.33 686 $a004$2sdnb 686 $aDAT 616f$2stub 686 $aDAT 620f$2stub 686 $aDAT 703f$2stub 686 $aDAT 825f$2stub 686 $aSS 4800$2rvk 702 $aZhang$b Zili 702 $aSiekmann$b Jo?rg H. 801 0$bMiAaPQ 801 1$bMiAaPQ 801 2$bMiAaPQ 906 $aBOOK 912 $a9910483760303321 996 $aKnowledge Science, Engineering and Management$9772454 997 $aUNINA